| 000 | 00487nam a22001817a 4500 | ||
|---|---|---|---|
| 003 | OSt | ||
| 005 | 20251118125955.0 | ||
| 008 | 251118b |||||||| |||| 00| 0 eng d | ||
| 020 | _a0-440-22418-7 | ||
| 040 |
_aDWCL-Main lib _cOC |
||
| 082 | _aFic. H313s 1996 | ||
| 100 | _aHarris, Chalaine | ||
| 245 |
_aShakespeare's landlord _cHarris, Chalaine |
||
| 260 |
_aN. Y. : _bDell Publishing, _cc1996. |
||
| 300 |
_a245 pages ; _c17 cm. |
||
| 650 | _21. Fiction. | ||
| 942 |
_2ddc _cFIC. _kFic. _n0 |
||
| 999 |
_c5790 _d5790 |
||